Statistics for Countries by official languages in 60 seconds

Click here to take the quiz!

General Stats

  • This quiz has been taken 107 times
  • The average score is 149 of 196

Answers on the Map

Answers color-coded by a green-red scale on the quiz's map according to % correct below.
 

Answer Stats

Country% Correct
Antigua and Barbuda
100%
Argentina
100%
Australia
100%
Bahamas
100%
Barbados
100%
Belize
100%
Bolivia
100%
Botswana
100%
Burundi
100%
Cameroon
100%
Canada
100%
Chad
100%
Chile
100%
Colombia
100%
Comoros
100%
Costa Rica
100%
Cuba
100%
Djibouti
100%
Dominica
100%
Dominican Republic
100%
Ecuador
100%
El Salvador
100%
Equatorial Guinea
100%
Eswatini
100%
Federated States of
Micronesia
100%
Fiji
100%
Gambia
100%
Ghana
100%
Grenada
100%
Guatemala
100%
Guyana
100%
Honduras
100%
India
100%
Ireland
100%
Jamaica
100%
Kenya
100%
Kiribati
100%
Lebanon
100%
Lesotho
100%
Liberia
100%
Malawi
100%
Malta
100%
Marshall Islands
100%
Mauritius
100%
Mexico
100%
Namibia
100%
Nauru
100%
New Zealand
100%
Nicaragua
100%
Nigeria
100%
Pakistan
100%
Palau
100%
Panama
100%
Papua New Guinea
100%
Paraguay
100%
Peru
100%
Philippines
100%
Rwanda
100%
Saint Kitts and Nevis
100%
Saint Lucia
100%
Saint Vincent and the
Grenadines
100%
Samoa
100%
Seychelles
100%
Sierra Leone
100%
Singapore
100%
Solomon Islands
100%
South Africa
100%
South Sudan
100%
Spain
100%
Sudan
100%
Tanzania
100%
Tonga
100%
Trinidad and Tobago
100%
Tuvalu
100%
Uganda
100%
Uruguay
100%
Vanuatu
100%
Venezuela
100%
Zambia
100%
Zimbabwe
100%
Belgium
98%
Benin
98%
Burkina Faso
98%
Central African Republic
98%
Democratic Republic
of the Congo
98%
France
98%
Gabon
98%
Guinea
98%
Haiti
98%
Ivory Coast
98%
Luxembourg
98%
Madagascar
98%
Mali
98%
Monaco
98%
Niger
98%
Republic of the Congo
98%
Senegal
98%
Switzerland
98%
Togo
98%
Belarus
95%
Kazakhstan
95%
Kyrgyzstan
95%
Russia
95%
Algeria
93%
Angola
93%
Bahrain
93%
Brazil
93%
Cape Verde
93%
East Timor
93%
Egypt
93%
Guinea-Bissau
93%
Iraq
93%
Jordan
93%
Kuwait
93%
Libya
93%
Mauritania
93%
Morocco
93%
Mozambique
93%
Oman
93%
Portugal
93%
Qatar
93%
São Tomé and Príncipe
93%
Saudi Arabia
93%
Somalia
93%
Syria
93%
Tunisia
93%
United Arab Emirates
93%
Yemen
93%
Austria
90%
Germany
90%
Liechtenstein
90%
China
86%
Taiwan
86%
Cyprus
71%
Italy
66%
San Marino
66%
Vatican City
66%
Finland
64%
Iran
64%
Sweden
63%
Poland
59%
Turkey
59%
Norway
56%
Japan
54%
Netherlands
54%
North Korea
54%
South Korea
54%
Suriname
54%
Brunei
53%
Malaysia
53%
Afghanistan
47%
United Kingdom
47%
United States
47%
Ukraine
46%
Indonesia
44%
Thailand
44%
Denmark
42%
Greece
37%
Kosovo
37%
Ethiopia
36%
Bosnia and
Herzegovina
32%
Mongolia
31%
Serbia
31%
Vietnam
31%
Iceland
29%
Moldova
20%
Romania
20%
Albania
14%
Hungary
14%
Laos
14%
Latvia
14%
North Macedonia
14%
Bangladesh
12%
Estonia
12%
Myanmar
12%
Bulgaria
10%
Cambodia
10%
Croatia
8%
Czech Republic
8%
Israel
8%
Lithuania
8%
Sri Lanka
8%
Turkmenistan
8%
Nepal
7%
Slovakia
7%
Uzbekistan
7%
Andorra
5%
Eritrea
3%
Georgia
3%
Tajikistan
3%
Armenia
2%
Azerbaijan
2%
Bhutan
2%
Montenegro
2%
Slovenia
2%
Maldives
0%

Score Distribution

Percentile by Number Answered

Percent of People with Each Score

Your Score History

You have not taken this quiz